| 000 | 00904cab a2200253 4500 | ||
|---|---|---|---|
| 001 | ABS48957 | ||
| 008 | 090401t1993 xxu||||| |||| 00| 0 eng d | ||
| 035 | _a(Sirsi) u69247 | ||
| 041 | _aeng | ||
| 100 | _aKay, D. | ||
| 245 | _aPost-war listing: an update | ||
| 260 | _c1993 | ||
| 490 |
_aConservation Bulletin _v(20) July 1993, 12-13(2) |
||
| 520 | _aReports on the English Heritage survey of modern (1939-63) buildings put forward for listing. This selection covers educational buildings: schools and universities. | ||
| 650 | _aENGLISH HERITAGE | ||
| 650 | _aLISTED BUILDINGS | ||
| 650 | _aLISTING | ||
| 650 | _aPOST-WAR LISTING | ||
| 650 | _aSCHOOL BUILDINGS | ||
| 650 | _aUNIVERSITY BUILDINGS | ||
| 690 | _aCONSERVATION | ||
| 856 | 4 | 8 |
_uhttps://www.bl.uk/ _zThis article is no longer held by the RICS Library. Copies can be obtained from the British Library, at www.bl.uk |
| 942 | _n0 | ||
| 999 |
_c43492 _d43492 |
||